| 000 | 00594nam a22002057a 4500 | ||
|---|---|---|---|
| 999 |
_c4988 _d4988 |
||
| 003 | AR-CdUCM | ||
| 008 | 190311b ||||| |||| 00| 0 eng d | ||
| 040 |
_aMUNICIPALIDAD PROVINCIAL DEL CUSCO _cBIBLIOTECA MUNICIPAL DEL CUSCO |
||
| 082 |
_a869.1 / _bD72 |
||
| 100 |
_aDostoevsky, fyodor By _915272 |
||
| 245 | _aThe Gambler / | ||
| 260 |
_aNew York : _bCopyright, _c1964. |
||
| 300 |
_a180 paginas ; _c18 cm. |
||
| 500 | _aDonación familia Nieto | ||
| 505 | _aContendio Cuento / | ||
| 650 |
_aLiteratura inglesa _91015 |
||
| 650 |
_aCuento _94671 |
||
| 942 |
_2ddc _cLIBROS |
||
| 945 | _arjall | ||